000 00868nam a2200265Ia 4500
003 OSt
005 20220918171512.0
006 a|||||r|||| 00| 0
007 ta
008 220917b |||||||| |||| 00| 0 eng d
020 _a9781845112790 (pbk)
_c946.38
024 _a239,066
037 _b3161, 12/12/2008, Bharat Scientific Syndicate
_cTextual
040 _aARTS
_cARTS
_beng
041 _2eng
_aeng
082 _aV1:19(zQ), P7
100 _aRotblat Joseph
_936969
245 0 _aQuest for global peace
_b Rotblat and Ikeda on war, ethics, and the nuclear threat
260 _aLondon
_bI.B. Tauris UK
_c2007
300 _axv,157p.
_ccm.
650 _aHISTORY
700 _a Ikeda Daisaku
_922820
942 _hV1:19(zQ), P7
_cTEXL
_2CC
999 _c139866
_d139866